| 000 | 00807nam a2200241Ia 4500 | ||
|---|---|---|---|
| 005 | 20260430150208.0 | ||
| 008 | 008 250103s9999 xx 000 0 eng d | ||
| 037 | _aTheses | ||
| 040 | _aCRL | ||
| 040 | _beng | ||
| 040 | _ceng | ||
| 041 | _2eng | ||
| 041 | _aeng | ||
| 084 | _qCRL | ||
| 100 |
_aMonika Au.; Goel Shailendra Gu. _91236753 |
||
| 245 | 0 | _aComparative study of miRNA and 21-nucleotide reproductive phased siRNA between developmental stages of female gametophte in sexual and apomictic addition lines of pearl millet [Cenchrus americanus (L.) morrone syn. pennisetum glaucum (L.) R. Br.] | |
| 260 | _c2022 | ||
| 300 | _a166p. | ||
| 650 | _aBotany | ||
| 700 |
_aUniversity of Delhi. Faculty of Science. Deptarment of Botany _91236754 |
||
| 942 | _cTH | ||
| 999 |
_c1849185 _d1849185 |
||